000 00924nam a2200217 a 4500
999 _c20316
_d20316
005 20180907151048.0
008 171205s2016 ck a gr 000 0 spa d
020 _a9789588935201
040 _aCO-BoBLA
_cCO-BoBLA
041 0 _aspa
044 _ack
082 0 4 _a333.9553076
_bR29e
245 0 0 _aReporte del estado de los arrecifes coralinos y pastos marinos en Colombia (2014-2015).
260 _aSanta Marta (Colombia) :
_bInvemar :
_bMinisterio de Ambiente y Desarrollo Sostenible :
_bGEF :
_bPNUD,
_c2016.
300 _a42 páginas :
_bilustraciones, fotografías, mapas, gráficas ;
_c28 x 21 cm.
504 _aIncluye referencias bibliográficas: páginas 40-42.
650 2 4 _aArrecifes madrepóricos
_zColombia
_y2014-2015
_vInformes
650 2 4 _aPastos marinos
_zColombia
_y2014-2015
_vInformes
710 2 _aInstituto de Investigaciones Marinas y Costeras - INVEMAR
942 _2ddc
_cLIBRO